| 000 | 00788nam a2200253 i 4500 | ||
|---|---|---|---|
| 003 | DO-SdBNP | ||
| 005 | 20230918114533.0 | ||
| 006 | a||||gr|||| 00| 0 | ||
| 007 | ta | ||
| 008 | 230914e1995 dr ||||| |||| 00| 0 spa d | ||
| 040 |
_aDO-SdBNP _bspa _cBNPHU _erda |
||
| 082 | 4 |
_222 _a342.07 _bR426c |
|
| 110 | 1 |
_aRepública Dominicana. _bJunta Central Electoral _eautor |
|
| 240 | _a[Leyes, etc.] | ||
| 245 | 1 | 0 | _aCompilación de la legislación electoral de la República Dominicana. / |
| 264 |
_aSanto Domingo : _bTiempo, _c1995 |
||
| 300 |
_a207 páginas ; _c20 cm. |
||
| 336 |
_2rdacontent _atexto _btxt |
||
| 337 |
_2rdamedia _asin mediación _bn |
||
| 338 |
_2rdacarrier _avolumen _bnc |
||
| 500 | _aRevisión de agosto de 1994 | ||
| 590 | _aInventariado 2023 / MF | ||
| 942 |
_2ddc _cLBS1 |
||
| 999 |
_c54756 _d54756 |
||